Sweet Pickles Animals Quiz Stats

 Plays Quiz Updated Mar 15, 2020

     
Support Sporcle.
Go Orange.
Score 0/26 Timer 04:00
0 Plays Today
Letter Animal % Correct
DDoubtful Dog
84%
ZZany Zebra
80.4%
EEnormous Elephant
70%
LLoving Lion
69%
BBashful Bear
66.3%
KKidding Kangaroo
57.6%
YYakety Yak
49.7%
AAccusing Alligator
49.5%
HHealthy Hippo
43.4%
RResponsible Rabbit
42.4%
QQuestioning Quail
41.7%
FFearless Fish
41.7%
WWorried Walrus
40.5%
Letter Animal % Correct
IImitating Iguana
39.9%
PPositive Pig
38.9%
OOutraged Octopus
37.2%
TTemper Tantrum Turtle
36.4%
MMoody Moose
26.5%
JJealous Jackal
25%
VVain Vulture
24.4%
CClever Camel
22.7%
UUnique Unicorn
22%
GGoof-off Goose
21.5%
NNasty Nightingale
11%
SSmarty Stork
10.9%
XX-Rating Xerus
10.8%

From the Vault

Lord of the Rings A-Z

by DrHaldirJones

One alphabet to rule them all.
Remove Ads.
Support Sporcle.
Get the best of Sporcle when you Go Orange. This ad-free experience offers more features, more stats, and more fun while also helping to support Sporcle. Thank you for becoming a member.

Show Comments

Extras

Top Quizzes Today


Score Distribution

Your Account Isn't Verified!

In order to create a playlist on Sporcle, you need to verify the email address you used during registration. Go to your Sporcle Settings to finish the process.

Report this User

Report this user for behavior that violates our Community Guidelines.

Details: